Vista normal
Vista MARC
Entrada Personal Name
Número de registros utilizados en: 1
001 - CONTROL NUMBER
- control field: 10368
003 - CONTROL NUMBER IDENTIFIER
- control field: DLC
005 - DATE AND TIME OF LATEST TRANSACTION
- control field: 20191216131423.0
008 - FIXED-LENGTH DATA ELEMENTS
- fixed length control field: 990128n| acannaab| |n aaa |||
010 ## - LIBRARY OF CONGRESS CONTROL NUMBER
- LC control number: n 99007239
040 ## - CATALOGING SOURCE
- Original cataloging agency: DLC
- Language of cataloging: spa
- Transcribing agency: Mx-PuUPA
- Modifying agency: Mx-PuUPA
- Description conventions: rda
046 ## - SPECIAL CODED DATES
- Birth date: 1959
100 1# - HEADING--PERSONAL NAME
- Personal name: Olsen, Jonathan,
- Dates associated with a name: 1959-
372 ## - FIELD OF ACTIVITY
- Field of activity: Ciencias políticas
374 ## - OCCUPATION
- Occupation: Autor
375 ## - GENDER
- Gender: hombre
377 ## - ASSOCIATED LANGUAGE
- Language code: eng
670 ## - SOURCE DATA FOUND
- Source citation: Nature and nationalism, 1999:
- Information found: CIP t.p. (Jonathan Olsen) data sheet (b. 1959)
670 ## - SOURCE DATA FOUND
- Source citation: The European Union : politics and policies, 2017:
- Information found: t.p. (Jonathan Olsen)
670 ## - SOURCE DATA FOUND
- Source citation: Biblioteca del congreso (Estados Unidos), 16 diciembre 2019:
- Information found: Catálogo electrónico
- Uniform Resource Identifier: http://bit.ly/34qvtAA